Bytový dom

Guardado en:
Detalles Bibliográficos
Autor principal: Bomboš, Tomáš (Autor)
Otros Autores: Jurigová, Martina (Orientador)
Formato: Manuscrito Libro
Lenguaje:eslovaco
Publicado: 2015
Materias:
Acceso en línea:http://is.stuba.sk/zp/portal_zp.pl?podrobnosti=120637
https://opac.crzp.sk/?fn=detailBiblioForm&sid=FF44C990A7CA883E4D8D5B929FD7
Etiquetas: Agregar Etiqueta
Sin Etiquetas, Sea el primero en etiquetar este registro!

MARC

LEADER 00000ntm a22000003a 4500
001 stuzp51988
003 SK-STU
005 20231011085155.1
007 ta
008 150427s2015----xo-----f-mn---000-0-slo-d
040 |a STU  |b slo 
041 0 |a slo 
100 1 |a Bomboš, Tomáš  |u 010180  |4 aut  |U SvF Stavebná fakulta  |T SvF Katedra konštrukcií pozemných stavieb  |X 57920  |U V180  |Y 18  |7 57920 
242 0 1 |a Residential building  |y eng 
245 1 0 |a Bytový dom 
260 |c 2015 
650 4 |a dvojsekciový  |2 slo 
650 4 |a stenový konštrukčný systém  |2 slo 
650 4 |a bytový dom  |2 slo 
650 4 |a polyfunkcia  |2 slo 
650 4 |a residential house  |2 eng 
650 4 |a two-section  |2 eng 
650 4 |a wall construction system  |2 eng 
700 1 |a Jurigová, Martina  |4 ths  |X 52114  |7 A000052114 
856 4 |u http://is.stuba.sk/zp/portal_zp.pl?podrobnosti=120637 
856 4 |u https://opac.crzp.sk/?fn=detailBiblioForm&sid=FF44C990A7CA883E4D8D5B929FD7 
SQL |a stuzp51988  |b DBP  |c SLO  |d Bytový dom  |e 57920  |f Bomboš, Tomáš  |g 010180  |h 52114  |i Jurigová, Martina  |j 20150622  |k 4  |l 01  |m http://is.stuba.sk/zp/portal_zp.pl?podrobnosti=120637  |n B-PSA  |o 5.1.4. pozemné stavby, 5.1.1. architektúra a urbanizmus